[Event "Topalovs Defenses Pt. 1 "]
[Site "SchemingMind.com"]
[Date "2007.01.26"]
[Round "-"]
[White "mikhailtal"]
[Black "tacticrules"]
[Result "1-0"]
[WhiteCountry "ENG"]
[BlackCountry "GER"]
[WhiteElo "1829"]
[WhiteRD "75"]
[BlackElo "1577"]
[BlackRD "50"]
[GameID "88631"]

1. e4 c5 2. Nf3 d6 3. d4 cxd4 4. Nxd4 Nf6 5. Nc3 a6 6. f3 e6 7. g4 Nc6 8. Be3 Be7 9. Qd2 O-O 10. O-O-O Nxd4
11. Bxd4 Qc7 12. h4 e5 13. Be3 Be6 14. h5 b5 15. g5 Ne8 16. Bh3 Bxh3 17. Rxh3 Rc8 18. Nd5 Qd7 19. Rdh1 f5 20. gxf6 Nxf6
21. Nb6 Qc6 22. Nxc8 Rxc8 23. h6 g6 24. Kb1 b4 25. Bg5 a5 26. Bxf6 Bxf6 27. Rd1 Be7 28. Qd5+ Qxd5 29. Rxd5 Kf7 30. Rxa5 Rc5
31. Ra7 Ke6 32. Rh1 Rc8 33. Rb7 Rf8 34. Rxb4 Rxf3 35. a4 d5 36. Rb6+ Kd7 37. exd5 e4 38. Re1 e3 39. a5 Bc5 40. Rb7+ Kd6
41. Rxh7 Kxd5 42. Rh8 Rh3 43. h7 Ke6 44. Re8+ Kf6 45. h8=Q+
1-0

[Event "Topalovs Defenses Pt. 1 "]
[Site "SchemingMind.com"]
[Date "2007.01.26"]
[Round "-"]
[White "tacticrules"]
[Black "mikhailtal"]
[Result "0-1"]
[WhiteCountry "GER"]
[BlackCountry "ENG"]
[WhiteElo "1554"]
[WhiteRD "51"]
[BlackElo "1781"]
[BlackRD "73"]
[GameID "88632"]

1. e4 c5 2. Nf3 d6 3. d4 cxd4 4. Nxd4 Nf6 5. Nc3 a6 6. Bg5 e6 7. f4 Qb6 8. Qd2 Qxb2 9. Rb1 Qa3 10. f5 Nc6
11. Nxc6 bxc6 12. Be2 Be7 13. O-O O-O 14. fxe6 Bxe6 15. Bxf6 Bxf6 16. Rxf6 gxf6 17. Bd3 Qc5+ 18. Kh1 Qg5 19. Qxg5+ fxg5 20. Rb6 Rfc8
21. Rxa6 Rxa6 22. Bxa6 Rc7 23. Kg1 Ra7 24. Bd3 Bxa2 25. Nxa2 Rxa2 26. Kf1 Kg7 27. Ke1 h5 28. h3 Kf6 29. g3 Ke5 30. Kd2 Kd4
31. g4 hxg4 32. hxg4 c5 33. Ke2 c4
0-1

[Event "Topalovs Defenses Pt. 1 "]
[Site "SchemingMind.com"]
[Date "2007.01.30"]
[Round "-"]
[White "Dr_Pat"]
[Black "mikhailtal"]
[Result "0-1"]
[WhiteCountry "USA"]
[BlackCountry "ENG"]
[WhiteElo "1519"]
[WhiteRD "49"]
[BlackElo "1763"]
[BlackRD "73"]
[GameID "88950"]

1. e4 c5 2. Nf3 d6 3. d4 cxd4 4. Nxd4 Nf6 5. Nc3 a6 6. Be2 e5 7. Nf3 Be7 8. O-O h6 9. Be3 Be6 10. Nd5 Nbd7
11. Nxe7 Qxe7 12. Nd2 d5 13. exd5 Nxd5 14. c4 Nxe3 15. fxe3 O-O 16. b3 Qc5 17. Rf3 Nf6 18. Nf1 Ne4 19. Rc1 Rad8 20. Qc2 Qc6
21. Ng3 Nxg3 22. Rxg3 Rd6 23. Bg4 Bxg4 24. Rxg4 f5 25. Rh4 Qd7 26. c5 Rd2 27. Qc3 Qd5 28. c6 Qxg2#
0-1

[Event "Topalovs Defenses Pt. 1 "]
[Site "SchemingMind.com"]
[Date "2007.01.29"]
[Round "-"]
[White "Dr_Pat"]
[Black "tacticrules"]
[Result "1-0"]
[WhiteCountry "USA"]
[BlackCountry "GER"]
[WhiteElo "1559"]
[WhiteRD "50"]
[BlackElo "1554"]
[BlackRD "51"]
[GameID "88951"]

1. e4 c5 2. Nf3 d6 3. d4 cxd4 4. Nxd4 Nf6 5. Nc3 a6 6. Be2 e5 7. Nf3 Be6 8. Ng5 Be7 9. Nxe6 fxe6 10. O-O Nc6
11. Be3 O-O 12. Bc4 Qc8 13. Na4 b5 14. Nb6 Qc7 15. Nxa8 Rxa8 16. Bxe6+ Kh8 17. Qd3 Nb4 18. Qb3 Nc6 19. f3 Rd8 20. Bf5 Na5
21. Qe6 Nc6 22. Rad1 Nd4 23. Bxd4 exd4 24. Rxd4 Bf8 25. c3 Re8 26. Qb3
1-0

[Event "Topalovs Defenses Pt. 1 "]
[Site "SchemingMind.com"]
[Date "2007.01.30"]
[Round "-"]
[White "mikhailtal"]
[Black "Dr_Pat"]
[Result "1-0"]
[WhiteCountry "ENG"]
[BlackCountry "USA"]
[WhiteElo "1763"]
[WhiteRD "73"]
[BlackElo "1519"]
[BlackRD "49"]
[GameID "88952"]

1. e4 c5 2. Nf3 d6 3. d4 cxd4 4. Nxd4 Nf6 5. Nc3 a6 6. f3 e5 7. Nb3 Be6 8. Be3 Be7 9. Qd2 O-O 10. O-O-O Nbd7
11. g4 Nb6 12. g5 Nfd7 13. h4 Re8 14. h5 Qc7 15. g6 h6 16. Bxh6 gxh6 17. Qxh6 Nf6 18. Rg1
1-0

[Event "Topalovs Defenses Pt. 1 "]
[Site "SchemingMind.com"]
[Date "2007.01.29"]
[Round "-"]
[White "tacticrules"]
[Black "Dr_Pat"]
[Result "1/2-1/2"]
[WhiteCountry "GER"]
[BlackCountry "USA"]
[WhiteElo "1554"]
[WhiteRD "51"]
[BlackElo "1559"]
[BlackRD "50"]
[GameID "88953"]

1. e4 c5 2. Nf3 d6 3. d4 cxd4 4. Nxd4 Nf6 5. Nc3 a6 6. Bg5 e5 7. Bxf6 Qxf6 8. Nd5 Qd8 9. Nf5 Nc6 10. c3 Be6
11. Qf3 g6 12. Nfe3 Bh6 13. h4 O-O 14. h5 Ne7 15. Ng4 Bxg4 16. Nxe7+ Qxe7 17. Qxg4 Qg5 18. Qxg5 Bxg5 19. hxg6 fxg6 20. Bc4+ Kh8
21. Ke2 Rac8 22. Bb3 Rf4 23. Bd5 b5 24. g3 Rff8 25. Bb7=
1/2-1/2

[Event "Topalovs Defenses Pt. 1 "]
[Site "SchemingMind.com"]
[Date "2007.01.30"]
[Round "-"]
[White "klesley"]
[Black "mikhailtal"]
[Result "0-1"]
[WhiteCountry "USA"]
[BlackCountry "ENG"]
[WhiteElo "1676"]
[WhiteRD "78"]
[BlackElo "1781"]
[BlackRD "73"]
[GameID "89358"]

1. e4 c5 2. Nf3 d6 3. d4 cxd4 4. Nxd4 Nf6 5. Nc3 a6 6. Be3 Ng4 7. Bg5 h6 8. Bh4 g5 9. Bg3 Bg7 10. Bc4 Qc7
11. b3 b5 12. Ncxb5 axb5 13. Bxb5+ Bd7 14. Bxd7+ Nxd7 15. a4 Qc3+ 16. Ke2 Bxd4 17. Qd3 Qxd3+ 18. Kxd3 Bxa1 19. Rxa1 O-O 20. c4 Nc5+
21. Kc2 Rfb8 22. Rb1 Rb4 23. h3 Ne5 24. f4 Nc6 25. e5 dxe5 26. fxe5 Na5 27. Be1 Rxb3 28. Bxa5 Rxb1
0-1

[Event "Topalovs Defenses Pt. 1 "]
[Site "SchemingMind.com"]
[Date "2007.01.30"]
[Round "-"]
[White "klesley"]
[Black "Dr_Pat"]
[Result "1-0"]
[WhiteCountry "USA"]
[BlackCountry "USA"]
[WhiteElo "1676"]
[WhiteRD "78"]
[BlackElo "1559"]
[BlackRD "50"]
[GameID "89359"]

1. e4 c5 2. Nf3 d6 3. d4 cxd4 4. Nxd4 Nf6 5. Nc3 a6 6. Be3 e5 7. Nb3 Be6 8. Qd2 Be7 9. f3 O-O 10. O-O-O Nbd7
11. Bg5 b5 12. Nd5 Nxd5 13. Bxe7 Nxe7 14. Qxd6 Ng6 15. g3 Qb6 16. Qxb6 Nxb6 17. Nc5 Bxa2 18. b3 Rfc8 19. b4 Bc4 20. Kb2 Bxf1
21. Rhxf1 Nc4+ 22. Kc3 Ne3 23. h4 Nxf1 24. Rxf1 a5 25. h5 Ne7 26. Kb3 axb4 27. Nd7 Nc6 28. Nb6 Ra3+ 29. Kb2 Rd8 30. Nd5 Ra4
31. Nb6 Ra6 32. Nd5 Rda8 33. Rb1 Ra2+ 34. Kc1 R8a3 35. Nxb4 Nxb4 36. Rxb4 Ra1+ 37. Kb2 Ra5 38. c4 Kf8 39. cxb5 Ke7 40. b6
1-0

[Event "Topalovs Defenses Pt. 1 "]
[Site "SchemingMind.com"]
[Date "2007.01.30"]
[Round "-"]
[White "klesley"]
[Black "tacticrules"]
[Result "1-0"]
[WhiteCountry "USA"]
[BlackCountry "GER"]
[WhiteElo "1664"]
[WhiteRD "78"]
[BlackElo "1577"]
[BlackRD "50"]
[GameID "89360"]

1. e4 c5 2. Nf3 d6 3. d4 cxd4 4. Nxd4 Nf6 5. Nc3 a6 6. Be3 e5 7. Nb3 Be6 8. Qd2 Be7 9. O-O-O Nbd7 10. Bg5 O-O
11. Nd5 Re8 12. Nxe7+ Qxe7 13. f3 h6 14. Bxf6 Nxf6 15. Qxd6 Qxd6 16. Rxd6 Rad8 17. Rxd8 Rxd8 18. a3 Bxb3 19. cxb3 Rc8+ 20. Kb1 Rd8
21. Be2 Kf8 22. a4 Rd2 23. Re1 Ke7 24. Kc1 Rd8 25. b4 Rc8+ 26. Kb1 Nd7 27. Rc1 Rxc1+= 28. Kxc1 Kd6 29. Kc2 Nb6 30. a5 Nd7
31. Kb3 g6 32. h4 h5 33. Bc4 Ke7 34. b5 axb5 35. Bxb5 Nc5+ 36. Kc4 Ne6 37. b4 f6 38. Ba4 g5 39. hxg5 fxg5 40. b5 Nc7
41. Kc5 Ne6+ 42. Kb6 Nd8 43. Kc7 g4 44. fxg4 hxg4 45. g3 Ne6+ 46. Kb6 Nd8 47. a6 bxa6 48. bxa6
1-0

[Event "Topalovs Defenses Pt. 1 "]
[Site "SchemingMind.com"]
[Date "2007.01.30"]
[Round "-"]
[White "mikhailtal"]
[Black "klesley"]
[Result "1-0"]
[WhiteCountry "ENG"]
[BlackCountry "USA"]
[WhiteElo "1812"]
[WhiteRD "76"]
[BlackElo "1701"]
[BlackRD "80"]
[GameID "89361"]

1. e4 c5 2. Nf3 d6 3. d4 cxd4 4. Nxd4 Nf6 5. Nc3 a6 6. f3 e5 7. Nb3 Be6 8. Be3 Be7 9. Qd2 Nbd7 10. g4 h6
11. O-O-O b5 12. Nd5 Nc5 13. Nxc5 dxc5 14. Nxf6+ gxf6 15. Bxh6 Qxd2+ 16. Bxd2 c4 17. Be3 O-O 18. Be2 Kg7 19. a3 Rfb8 20. f4 exf4
21. Bxf4 Rc8 22. Bd6 Bxd6 23. Rxd6 Rc5 24. h4 a5 25. Rhd1 b4 26. a4 Re8 27. Rb6 Bxg4 28. Bxg4 Rxe4 29. Rg1 Rf4 30. Bd7+ Kf8
31. c3 bxc3 32. bxc3 Rd5 33. Bb5 Rd3 34. Rg2 Rxc3+ 35. Rc2 Rf1+ 36. Kb2 Rb3+ 37. Ka2 Rff3 38. Rxc4 Rbe3 39. Rbc6 f5 40. Rc8+ Kg7
41. Kb2 Rf2+ 42. Rc2 Rf4 43. R8c4 Ree4 44. Rxe4 fxe4 45. h5 e3 46. Kb3 Rh4 47. Be2 Rh2 48. Kc4 f5 49. Kd3 f4 50. Ke4 Rf2
51. Kd3 Kh6 52. Rc5 f3 53. Kxe3 Rxe2+ 54. Kxf3 Rb2 55. Rxa5 Rb4 56. Ke3 Rc4 57. Kd3 Rh4 58. Kc3 Kg7 59. Kb3 Kf7 60. Rc5 Ke7
61. a5 Kd6 62. Rg5 Kc6 63. Kc3 Kb7 64. Kd3 Ka7 65. Ke3 Ka6 66. Kf3 Rh1 67. Kg4 Rg1+ 68. Kf5 Rc1 69. Kg6 Rc6+ 70. Kh7 Rc7+
71. Rg7 Rc5 72. h6 Kxa5 73. Kg8 Rc8+ 74. Kf7 Rc7+ 75. Ke8 Rc8+ 76. Kd7 Ra8 77. Rg5+ Kb6 78. Rh5 Ra7+ 79. Kd6 Rc7 80. h7 Rc6+
81. Kd7
1-0

[Event "Topalovs Defenses Pt. 1 "]
[Site "SchemingMind.com"]
[Date "2007.01.30"]
[Round "-"]
[White "Dr_Pat"]
[Black "klesley"]
[Result "0-1"]
[WhiteCountry "USA"]
[BlackCountry "USA"]
[WhiteElo "1559"]
[WhiteRD "50"]
[BlackElo "1676"]
[BlackRD "78"]
[GameID "89362"]

1. e4 c5 2. Nf3 d6 3. d4 cxd4 4. Nxd4 Nf6 5. Nc3 a6 6. Be2 e5 7. Nf3 b5 8. Bg5 Bb7 9. a4 b4 10. Bxf6 Qxf6
11. Nd5 Bxd5 12. Qxd5 Ra7 13. Qc4 a5 14. O-O Nd7 15. c3 bxc3 16. Qxc3 Be7 17. Bb5 Bd8 18. Bxd7+ Kxd7 19. Rfd1 Bb6 20. Nxe5+ Ke8
21. Qc6+ Kf8 22. Qxb6 Qe7 23. Nc6 Rb7 24. Qd8+ Qxd8 25. Nxd8 Rxb2 26. Rab1 Rxb1 27. Rxb1 Ke7 28. Rb8 Rxd8 29. Rxd8 Kxd8 30. Kf1 Kc7
31. Ke2 Kc6 32. Kd3 Kc5 33. f4 f5 34. exf5 Kb4 35. Kd4 Kxa4 36. Kc4 Ka3 37. f6 gxf6 38. Kb5 a4 39. g4 Kb3
0-1

[Event "Topalovs Defenses Pt. 1 "]
[Site "SchemingMind.com"]
[Date "2007.01.30"]
[Round "-"]
[White "tacticrules"]
[Black "klesley"]
[Result "1-0"]
[WhiteCountry "GER"]
[BlackCountry "USA"]
[WhiteElo "1554"]
[WhiteRD "51"]
[BlackElo "1676"]
[BlackRD "78"]
[GameID "89363"]

1. e4 c5 2. Nf3 d6 3. d4 cxd4 4. Nxd4 Nf6 5. Nc3 a6 6. Bg5 e5 7. Bxf6 gxf6 8. Nb3 Be6 9. Be2 Nc6 10. O-O f5
11. f4 Qb6+ 12. Kh1 Bxb3 13. axb3 fxe4 14. Nxe4 Nd4 15. fxe5 dxe5 16. Nf6+ Kd8 17. c3 Bg7 18. cxd4 Bxf6 19. Rxf6 Qxd4 20. Rd6+
1-0

[Event "Topalovs Defenses Pt. 1 "]
[Site "SchemingMind.com"]
[Date "2007.02.01"]
[Round "-"]
[White "Valiantangel"]
[Black "mikhailtal"]
[Result "0-1"]
[WhiteCountry "SGP"]
[BlackCountry "ENG"]
[WhiteElo "1893"]
[WhiteRD "67"]
[BlackElo "1829"]
[BlackRD "75"]
[GameID "89548"]

1. e4 c5 2. Nf3 d6 3. d4 cxd4 4. Nxd4 Nf6 5. Nc3 a6 6. f3 e5 7. Nb3 Be6 8. Be3 Nbd7 9. Qd2 b5 10. O-O-O Nb6
11. Qf2 Nfd7 12. Kb1 Nc4 13. Bc1 Be7 14. f4 exf4 15. Qxf4 O-O 16. Nd4 Nde5 17. h3 Qc7 18. g4 Na3+ 19. bxa3 Qxc3 20. Bb2 Qa5
21. Be2 Nc4 22. Bxc4 bxc4 23. c3 Qb6 24. Kc2 Rfc8 25. Rhf1 Rab8 26. Rb1 d5 27. Nxe6 Qxe6 28. exd5 Qxd5 29. Rbd1 Qe6 30. Qf5 Qe2+
31. Rd2 Rxb2+ 32. Kxb2 Qxd2+ 33. Ka1 Qxc3+ 34. Kb1 Rb8+
0-1

[Event "Topalovs Defenses Pt. 1 "]
[Site "SchemingMind.com"]
[Date "2007.02.02"]
[Round "-"]
[White "Valiantangel"]
[Black "klesley"]
[Result "0-1"]
[WhiteCountry "SGP"]
[BlackCountry "USA"]
[WhiteElo "1499"]
[WhiteRD "55"]
[BlackElo "1712"]
[BlackRD "78"]
[GameID "89549"]

1. e4 c5 2. Nf3 d6 3. d4 cxd4 4. Nxd4 Nf6 5. Nc3 a6 6. h3 g6 7. Be3 Bg7 8. Qd2 e5 9. Nf3 O-O 10. Bc4 b5
11. Bb3 Bb7 12. Bg5 Qd7 13. Bxf6 Bxf6 14. Bd5 Nc6 15. O-O Be7 16. Rad1 Rad8 17. a3 b4 18. Bxc6 Bxc6 19. axb4 Rb8 20. Rfe1 Kg7
21. Nd5 Bxd5 22. Qxd5 Rxb4 23. Nxe5 Qe6 24. Qxe6 fxe6 25. Nd3 Rc4 26. Re2 a5 27. f3 Bd8 28. Nf2 Bc7 29. b3 Rc6 30. Nd3 Rb8
31. Nb2 Rb4 32. Ra1 d5 33. exd5 exd5 34. Rxa5 Bxa5 35. Nd3 Rd4 36. Ne5 Rd1+ 37. Kf2 Bb6+ 38. Kg3 Bc7 39. f4 Rc3+ 40. Nd3 Rf1
41. Kg4 h5+ 42. Kg3 Bxf4+ 43. Kh4 Kh6
0-1

[Event "Topalovs Defenses Pt. 1 "]
[Site "SchemingMind.com"]
[Date "2007.02.01"]
[Round "-"]
[White "Valiantangel"]
[Black "Dr_Pat"]
[Result "1-0"]
[WhiteCountry "SGP"]
[BlackCountry "USA"]
[WhiteElo "1944"]
[WhiteRD "81"]
[BlackElo "1519"]
[BlackRD "49"]
[GameID "89550"]

1. e4 c5 2. Nf3 d6 3. d4 cxd4 4. Nxd4 Nf6 5. Nc3 a6 6. g3 e5 7. Nde2 Be7 8. Bg2 O-O 9. Bg5 Be6 10. O-O Nbd7
11. a4 Rc8 12. b3 Qc7 13. h3 d5 14. Bxf6 Nxf6 15. exd5 Nxd5 16. Nxd5 Bxd5 17. c4 Bxg2 18. Kxg2 Rcd8 19. Qc2 f5 20. Nc3 Qc6+
21. Kh2 Bf6 22. Rac1 e4 23. Nd5 Bg5 24. Rcd1 h5 25. h4 Bf6 26. Qe2 b5 27. axb5 axb5 28. Nxf6+ gxf6 29. Qxh5 bxc4 30. Qg6+ Kh8
31. bxc4 Rxd1 32. Rxd1 Qxc4 33. Rd7 Qg8 34. Qh6+
1-0

[Event "Topalovs Defenses Pt. 1 "]
[Site "SchemingMind.com"]
[Date "2007.02.01"]
[Round "-"]
[White "Valiantangel"]
[Black "tacticrules"]
[Result "1-0"]
[WhiteCountry "SGP"]
[BlackCountry "GER"]
[WhiteElo "1893"]
[WhiteRD "67"]
[BlackElo "1577"]
[BlackRD "50"]
[GameID "89551"]

1. e4 c5 2. Nf3 d6 3. d4 cxd4 4. Nxd4 Nf6 5. Nc3 a6 6. Be2 e5 7. Nb3 Be6 8. f4 Qc7 9. g4 Nc6 10. f5 Bd7
11. g5 Ng8 12. Nd5 Qc8 13. Nb6 Qc7 14. Nxa8 Qc8 15. Nb6 Qc7 16. Nxd7 Qxd7 17. Be3 f6 18. h4 Be7 19. Qd2 fxg5 20. hxg5 Qc7
21. Bh5+ Kf8 22. f6 gxf6 23. Qd5 Nd8 24. O-O-O Qc6 25. gxf6 Qxd5 26. fxe7+ Kxe7 27. Rxd5 Nf6 28. Bg5 Rg8 29. Bxf6+ Kxf6 30. Rxd6+ Ke7
31. Rhd1 Nf7 32. Rd7+ Ke6 33. Rxf7
1-0

[Event "Topalovs Defenses Pt. 1 "]
[Site "SchemingMind.com"]
[Date "2007.02.01"]
[Round "-"]
[White "mikhailtal"]
[Black "Valiantangel"]
[Result "1-0"]
[WhiteCountry "ENG"]
[BlackCountry "SGP"]
[WhiteElo "1829"]
[WhiteRD "75"]
[BlackElo "1893"]
[BlackRD "67"]
[GameID "89552"]

1. e4 c5 2. Nf3 d6 3. d4 cxd4 4. Nxd4 Nf6 5. Nc3 a6 6. f3 Qb6 7. Nb3 e6 8. Qe2 Qc7 9. Be3 b5 10. g4 b4
11. Na4 Nbd7 12. Qf2 Rb8 13. Nd4 a5 14. g5 Nh5 15. Bh3 Ne5 16. Bg4 g6 17. Bxh5 gxh5 18. a3 Bd7 19. axb4 Rxb4 20. b3 Bxa4
21. Rxa4 Rxa4 22. bxa4 Be7 23. O-O Rg8 24. f4 Ng4 25. Qd2 h6 26. h3 Nxe3 27. Qxe3 hxg5 28. f5 e5 29. Nb5 Qxc2 30. Rc1 Qxa4
31. Rc8+ Bd8 32. Rxd8+ Kxd8 33. Qb6+ Ke8 34. Qb8+ Ke7 35. Qxd6+
1-0

[Event "Topalovs Defenses Pt. 1 "]
[Site "SchemingMind.com"]
[Date "2007.02.01"]
[Round "-"]
[White "klesley"]
[Black "Valiantangel"]
[Result "1-0"]
[WhiteCountry "USA"]
[BlackCountry "SGP"]
[WhiteElo "1712"]
[WhiteRD "78"]
[BlackElo "1499"]
[BlackRD "55"]
[GameID "89553"]

1. e4 c5 2. Nf3 d6 3. d4 cxd4 4. Nxd4 Nf6 5. Nc3 a6 6. Be3 e5 7. Nb3 Be6 8. f3 h5 9. Nd5 Bxd5 10. exd5 Nbd7
11. c4 g6 12. Bd3 Bg7 13. Qd2 Qc7 14. O-O O-O 15. Rac1 b6 16. Bg5 Nc5 17. Nxc5 bxc5 18. Rfe1 Rfe8 19. b3 a5 20. Bxf6 Bxf6
21. g3 Kg7 22. f4 a4 23. Re4 axb3 24. axb3 Ra3 25. Rb1 Qa7 26. Kf2 Ra2 27. Rb2 Rxb2 28. Qxb2 exf4 29. Qb1 fxg3+ 30. hxg3 Rxe4
31. Bxe4 Qa5 32. Kf3 Qc3+ 33. Kg2 Be5 34. Qd3 f5 35. Qxc3 Bxc3 36. Bd3 Kf6 37. Kf3 Ke5 38. Ke3 g5 39. Be2 h4 40. gxh4 gxh4
41. Bf1 f4+ 42. Kf3 Be1 43. Ke2 Ba5 44. Kd3 Kf5 45. Bh3+ Ke5 46. Bg4 Be1 47. Ke2
1-0

[Event "Topalovs Defenses Pt. 1 "]
[Site "SchemingMind.com"]
[Date "2007.02.01"]
[Round "-"]
[White "Dr_Pat"]
[Black "Valiantangel"]
[Result "0-1"]
[WhiteCountry "USA"]
[BlackCountry "SGP"]
[WhiteElo "1519"]
[WhiteRD "49"]
[BlackElo "1944"]
[BlackRD "81"]
[GameID "89554"]

1. e4 c5 2. Nf3 d6 3. d4 cxd4 4. Nxd4 Nf6 5. Nc3 a6 6. Be2 e5 7. Nf3 Be7 8. O-O h6 9. Be3 O-O 10. Bc4 Be6
11. Bxe6 fxe6 12. Qd3 Nc6 13. Rad1 Qc7 14. Qc4 Qd7 15. Ne1 Rac8 16. Na4 b5 17. Qe2 bxa4 18. a3 Nxe4 19. Bxh6 d5 20. Qg4 Bf6
21. Nf3 Qe7 22. h4 Nd4 23. Nxd4 exd4 24. f3 Nd6 25. f4 Nf5 26. Bg5 Ne3
0-1

[Event "Topalovs Defenses Pt. 1 "]
[Site "SchemingMind.com"]
[Date "2007.02.01"]
[Round "-"]
[White "tacticrules"]
[Black "Valiantangel"]
[Result "0-1"]
[WhiteCountry "GER"]
[BlackCountry "SGP"]
[WhiteElo "1577"]
[WhiteRD "50"]
[BlackElo "1893"]
[BlackRD "67"]
[GameID "89555"]

1. e4 c5 2. Nf3 d6 3. d4 cxd4 4. Nxd4 Nf6 5. Nc3 a6 6. Bg5 e6 7. f4 Qb6 8. Qd2 Nc6 9. Nxc6 bxc6 10. Be2 Qc7
11. O-O Be7 12. f5 O-O 13. fxe6 fxe6 14. Bxf6 Bxf6 15. Rad1 Be5 16. Rxf8+ Kxf8 17. Rf1+ Kg8 18. Qg5 Bd7 19. Bh5 Be8 20. Bg4 Bf7
21. h4 Rf8 22. h5 h6 23. Qh4 Qb6+ 24. Kh1 Qxb2 25. Qe1 Qxc3 26. Qxc3 Bxc3 27. Rd1 Be5 28. c4 Rb8 29. Rd2 Rb1+
0-1

[Event "Topalovs Defenses Pt. 1 "]
[Site "SchemingMind.com"]
[Date "2007.02.03"]
[Round "-"]
[White "pederao"]
[Black "mikhailtal"]
[Result "0-1"]
[WhiteCountry "USA"]
[BlackCountry "ENG"]
[WhiteElo "1661"]
[WhiteRD "71"]
[BlackElo "1781"]
[BlackRD "73"]
[GameID "90137"]

1. e4 c5 2. Nf3 d6 3. d4 cxd4 4. Nxd4 Nf6 5. Nc3 a6 6. Be3 Ng4 7. Bg5 h6 8. Bh4 g5 9. Bg3 Bg7 10. Bc4 Qc7
11. Bb3 Qc5 12. Nde2 Nc6 13. O-O O-O 14. Nd5 Bd7 15. Nec3 b5 16. h3 Nge5 17. Kh2 e6 18. Ne3 a5 19. a4 Nd4 20. Qh5 b4
21. Nb5 Nxb5 22. axb5 Bxb5 23. Bxe5 Qxe5+ 24. g3 Bxf1 25. Rxf1 Qf6 26. Ng4 Qg6 27. Qxg6 fxg6 28. Bxe6+ Kh7 29. b3 Bd4 30. Kg2 h5
31. Ne3 Bxe3 32. fxe3 Rxf1 33. Kxf1 Re8 34. Bd5 Rc8 35. Bc4 Rxc4 36. bxc4 a4
0-1

[Event "Topalovs Defenses Pt. 1 "]
[Site "SchemingMind.com"]
[Date "2007.02.03"]
[Round "-"]
[White "pederao"]
[Black "klesley"]
[Result "1-0"]
[WhiteCountry "USA"]
[BlackCountry "USA"]
[WhiteElo "1661"]
[WhiteRD "71"]
[BlackElo "1676"]
[BlackRD "78"]
[GameID "90138"]

1. e4 c5 2. Nf3 d6 3. d4 cxd4 4. Nxd4 Nf6 5. Nc3 a6 6. Be2 e5 7. Nb3 Be6 8. f4 h6 9. f5 Bxb3 10. axb3 Nc6
11. Be3 Be7 12. Bc4 b5 13. Bd5 Qc8 14. O-O O-O 15. Qf3 Nxd5 16. Nxd5 Qd8 17. Bb6 Qd7 18. f6 Bxf6 19. Nxf6+ gxf6 20. Qxf6 Qe6
21. Be3 Qxf6 22. Rxf6 Rfd8 23. Bxh6 Nd4 24. Raf1 Rd7 25. c3 Nxb3 26. R1f3 Nc5 27. Rg3+ Kh7 28. Be3
1-0

[Event "Topalovs Defenses Pt. 1 "]
[Site "SchemingMind.com"]
[Date "2007.02.03"]
[Round "-"]
[White "pederao"]
[Black "Dr_Pat"]
[Result "0-1"]
[WhiteCountry "USA"]
[BlackCountry "USA"]
[WhiteElo "1618"]
[WhiteRD "76"]
[BlackElo "1519"]
[BlackRD "49"]
[GameID "90139"]

1. e4 c5 2. Nf3 d6 3. d4 cxd4 4. Nxd4 Nf6 5. Nc3 a6 6. f4 e5 7. Nb3 Nc6 8. f5 d5 9. Nxd5 Nxd5 10. Qxd5 Qxd5
11. exd5 Nb4 12. Bd3 Nxd3+ 13. cxd3 Bxf5 14. d4 Rd8 15. dxe5 Rxd5 16. Bf4 Bb4+ 17. Kf2 O-O 18. Kf3 Rfd8 19. Rac1 a5 20. a3 Rd3+
21. Be3 Rxb3 22. axb4 Rxb4 23. h3 Be4+ 24. Kg3 Rxb2 25. Bf2 Rd3+ 26. Kh4 g5+ 27. Kxg5 Rxf2 28. g4 Bxh1
0-1

[Event "Topalovs Defenses Pt. 1 "]
[Site "SchemingMind.com"]
[Date "2007.02.03"]
[Round "-"]
[White "pederao"]
[Black "Valiantangel"]
[Result "0-1"]
[WhiteCountry "USA"]
[BlackCountry "SGP"]
[WhiteElo "1618"]
[WhiteRD "76"]
[BlackElo "1944"]
[BlackRD "81"]
[GameID "90140"]

1. e4 c5 2. Nf3 d6 3. d4 cxd4 4. Nxd4 Nf6 5. Nc3 a6 6. Be2 Nbd7 7. f4 e5 8. Nb3 b5 9. a4 b4 10. fxe5 Nxe5
11. Nd5 Nxe4 12. O-O Be6 13. Be3 Bxd5 14. Qxd5 Nf6 15. Qd2 Be7 16. Qxb4 Nd5 17. Qa5 Qxa5 18. Nxa5 Nxe3 19. Bf3 Nxf3+ 20. Rxf3 Nxc2
21. Rc1 Nd4 22. Re3 Ne6 23. b4 O-O 24. Nc6 Bg5
0-1

[Event "Topalovs Defenses Pt. 1 "]
[Site "SchemingMind.com"]
[Date "2007.02.04"]
[Round "-"]
[White "pederao"]
[Black "tacticrules"]
[Result "1-0"]
[WhiteCountry "USA"]
[BlackCountry "GER"]
[WhiteElo "1661"]
[WhiteRD "71"]
[BlackElo "1554"]
[BlackRD "51"]
[GameID "90141"]

1. e4 c5 2. Nf3 d6 3. d4 cxd4 4. Nxd4 Nf6 5. Nc3 a6 6. Be3 e5 7. Nb3 Be6 8. Qd2 Nbd7 9. f3 Be7 10. O-O-O O-O
11. Kb1 Nb6 12. g4 Nc4 13. Bxc4 Bxc4 14. h4 Rc8 15. h5 b5 16. g5 Nd7 17. Nd5 Bxd5 18. exd5 Re8 19. g6 fxg6 20. hxg6 h6
21. Bxh6 gxh6 22. Qxh6 Bf6 23. Qh7+
1-0

[Event "Topalovs Defenses Pt. 1 "]
[Site "SchemingMind.com"]
[Date "2007.02.04"]
[Round "-"]
[White "mikhailtal"]
[Black "pederao"]
[Result "1-0"]
[WhiteCountry "ENG"]
[BlackCountry "USA"]
[WhiteElo "1781"]
[WhiteRD "73"]
[BlackElo "1661"]
[BlackRD "71"]
[GameID "90142"]

1. e4 c5 2. Nf3 d6 3. d4 cxd4 4. Nxd4 Nf6 5. Nc3 a6 6. f3 e5 7. Nb3 Be6 8. Be3 Be7 9. Qd2 Nbd7 10. g4 h6
11. O-O-O Bxb3 12. axb3 g5 13. Nd5 Nxd5 14. Qxd5 b5 15. Kb1 Nf6 16. Qd2 Kf8 17. h4 Kg7 18. hxg5 hxg5 19. Rxh8 Kxh8 20. Bxg5 Nxe4
21. Qh2+ Kg8 22. Bxe7 Qxe7 23. fxe4 Qg5 24. Rxd6 Kg7 25. Bd3 Rh8 26. Qf2 Qf4 27. Qxf4 exf4 28. Rxa6 f6 29. Bxb5 Rh1+ 30. Ka2 Rh4
31. c4 Rxg4 32. c5 Rg5 33. b4 Re5 34. Bd3 f3 35. Kb3 f2 36. Ra1
1-0

[Event "Topalovs Defenses Pt. 1 "]
[Site "SchemingMind.com"]
[Date "2007.02.03"]
[Round "-"]
[White "klesley"]
[Black "pederao"]
[Result "0-1"]
[WhiteCountry "USA"]
[BlackCountry "USA"]
[WhiteElo "1676"]
[WhiteRD "78"]
[BlackElo "1661"]
[BlackRD "71"]
[GameID "90143"]

1. e4 c5 2. Nf3 d6 3. d4 cxd4 4. Nxd4 Nf6 5. Nc3 a6 6. Be3 e5 7. Nb3 Be7 8. f3 Be6 9. Qd2 Nbd7 10. Bg5 O-O
11. O-O-O b5 12. Bxf6 Nxf6 13. a3 Nh5 14. g3 Bg5 15. f4 exf4 16. Qxd6 fxg3+ 17. Kb1 Qxd6 18. Rxd6 Bf4 19. Rd3 gxh2 20. Nc5 Bc4
21. Rf3 Bxf1 22. Rhxf1 Rfe8 23. Ne2 Bd6 24. Nb7 Rxe4 25. Nxd6 Rxe2 26. c3 Rg2
0-1

[Event "Topalovs Defenses Pt. 1 "]
[Site "SchemingMind.com"]
[Date "2007.02.03"]
[Round "-"]
[White "Dr_Pat"]
[Black "pederao"]
[Result "1/2-1/2"]
[WhiteCountry "USA"]
[BlackCountry "USA"]
[WhiteElo "1519"]
[WhiteRD "49"]
[BlackElo "1618"]
[BlackRD "76"]
[GameID "90144"]

1. e4 c5 2. Nf3 d6 3. d4 cxd4 4. Nxd4 Nf6 5. Nc3 a6 6. Bd3 e5 7. Nf3 Be7 8. O-O Nc6 9. Be3 O-O 10. a3 Bg4
11. h3 Bh5 12. Re1 b5 13. a4 Nb4 14. axb5 Nxd3 15. Qxd3 axb5 16. Bg5 h6 17. Bxf6 Bxf6 18. Nd5 Bg5 19. Rxa8 Qxa8 20. Nxg5 hxg5
21. g4 Bg6 22. Ne7+ Kh7 23. Nxg6 Kxg6 24. Qxb5 Rb8 25. Qd7 Rxb2 26. Qf5+ Kh6 27. Qxf7 g6 28. c4 Qa2 29. Qf8+ Kh7 30. Qf7+ Kh6
31. Qf8+ Kh7 32. Qe7+ Kh6 33. h4 gxh4 34. Qxh4+ Kg7 35. Qe7+ Kh6 36. Re3 Rb3 37. Rxb3 Qxb3 38. Qxd6 Qb1+ 39. Kg2 Qxe4+ 40. f3 Qe2+
41. Kg3 Qe1+=
1/2-1/2